Представление документа в формате RUSMARC

ПолеНазваниеЗначение
  Тип записи a
  Библиографический уровень m
001 Контрольный номер RU/SLIB/B/208720306
005 Дата корректировки 20201206203942.1
010 Индекс ISBN __
d Цена 0-91
101 Язык документа __
a Язык текста rus
200 Заглавие и сведения об ответственности 0_
a Заглавие К югу от Железных ворот
f Первые сведения об ответственности Ставиский Б. Я.
b Общее обозначение материала Текст
210 Выходные данные __
a Место издания М.
c Издательство Совет. художник
d Дата издания 1977
215 Физическое описание __
a Объем 160 с.
c Иллюстрации/тип воспроизводства ил.
606 Тематические рубрики __
a Основная рубрика Археология
606 Тематические рубрики __
a Основная рубрика Всеобщая археология
606 Тематические рубрики __
a Основная рубрика История
606 Тематические рубрики __
a Основная рубрика Древний мир
y Географическая подрубрика Казахстан; Россия; СССР; Узбекистан; Таджикистан
610 Ключевые слова __
a Ключевые слова клады; археологические памятники; раскопки; историческая литература; археологические открытия; археологические памятники; археологические культуры; археологические источники
686 Индексы других классификаций __
a Классификационный индекс 63.48
686 Индексы других классификаций __
a Классификационный индекс 63.3(0)3
700 Автор _1
a Фамилия Ставиский
b Имя Б. Я.
4 Код отношения 070
801 Источник записи _0
a Страна RU
b Организация Муниципальное бюджетное учреждение культуры "Централизованная библиотечная система" г. Сургут (Центральная городская библиотека им. А. С. Пушкина)
g Правила каталогизации К/Кундохова В.С.
801 Источник записи _1
a Страна RU
b Организация Муниципальное бюджетное учреждение культуры "Централизованная библиотечная система" г. Сургут (Центральная городская библиотека им. А. С. Пушкина)
g Правила каталогизации К/Кундохова В.С.
852 Данные о местонахождении __
j Шифр хранения 63.48
i Авторский знак С 76
p Инвентарный номер 117054(с)
901 Тип документа __
t Тип документа m
990 Данные о заказе (DOS) __
j Количество экземпляров (DOS) 1